Όργανον της θεραπευτικής τέχνης

Saved in:
Bibliographic Details
Main Author: Hahnemann, Samuel, 1755-1843
Format: Book
Language:Greek
German
Published: Αθήνα : Πύρινος Κόσμος, [1989;].
Subjects:
Tags: Add Tag
No Tags, Be the first to tag this record!

MARC

LEADER 00000cam a2200000 i 4500
001 1/85086
008 080515s1989 gr | ||| |||| ||gre||
035 |l 10097339 
040 |a GR-MyUA  |b gre  |e AACR2 
041 1 |a gre  |h ger 
082 0 |a 615.532  |2 (22) 
100 1 |a Hahnemann, Samuel,   |d 1755-1843. 
245 1 0 |a Όργανον της θεραπευτικής τέχνης /   |c Σαμουήλ Χάνεμανν ; μετάφραση Γιώργος Παπαφιλίππου.  
260 |a Αθήνα :   |b Πύρινος Κόσμος,   |c [1989;].  
300 |a 306 σ. ;   |c 21 εκ.  
500 |a Τίτλος πρωτοτύπου: Organon der Heilkunst 
650 0 0 |a Homeopathy. 
852 |a INST  |b SYROS  |e 20080515  |h 615.532 HAH  |p 005500005971  |q 005500005971  |t BK  |y 0 
901 |a BIBL5-2008-2 
909 |a Ε  |b 141422 
922 |a 5ΕΛΗ  |b 200711  |c ΕΠΕΑΚΕ2/ΤΜΣΠΣ  |d Σ. ΠΑΤΑΚΗΣ 
970 |a ΚΟΝΤΟΥ  |b ΠΑΡΑΣΚΕΥΗ  |z 2008/05/15